| 000 | 00956nam a22002655a 4500 | ||
|---|---|---|---|
| 008 | 150830r20142011ii a frd 001 0 eng d | ||
| 020 | _a9789380027562 | ||
| 040 |
_aEG-ScBUE _beng _cEG-ScBUE _dEG-ScBUE |
||
| 082 | 0 | 4 |
_a005.133 _bPAN _222 |
| 100 | 1 |
_aPandey, Sunil K. _938921 |
|
| 245 | 1 | 0 |
_aObject oriented programming with C ++ / _cSunil K. Pandy, Rajesh Kochher. |
| 250 | _37th ed., Reprinted ed. | ||
| 260 |
_aNew Delhi : _bS. K. Kataria & Sons, _c2014. |
||
| 300 |
_axv, 405 p. : _bill. ; _c24 cm. |
||
| 500 | _aIndex : p. 400-405. | ||
| 500 | _aGlossary : p. 398-399. | ||
| 500 | _aIncludes appendix. | ||
| 521 | 3 | _aFor Degree, diploma, O-level, A level, B level, BCA, MCA & other examination. | |
| 650 | 7 |
_aC++ (Computer program language) _2BUEsh _93406 |
|
| 650 | 0 |
_aObject-oriented programming (Computer science) _2BUEsh |
|
| 651 | _2BUEsh | ||
| 653 |
_bCOMSCI _cAugust2015 _cDecember2015 |
||
| 700 | 1 | _aKochher, Rajesh. | |
| 942 | _2ddc | ||
| 999 |
_c20739 _d20711 |
||